Abuse of public power : New York City and the formation of municipal law, 1846-1866 /

Bibliographic Details
Main Author: Hoyt, Jeff, 1944-
Format: Book
Language:English
Published: New York : Garland Pub., 1987.
Series:American legal and constitutional history.
Subjects:

MARC

Tag First Indicator Second Indicator Subfields
LEADER 00000cam a2200000 a 4500
001 in00000011433
005 20151007052049.0
008 861016s1987 nyu b 00010 eng
010 |a  86027041  
020 |a 0824082745 (alk. paper) :  |c $70.00 
035 |a (OCoLC)14585982 
035 |9 AAA6115AM 
040 |a DLC  |c DLC  |d m/c  |d UtOrBLW 
043 |a n-us-ny 
049 |a TXAM  |c [A12644540] 
050 0 0 |a KFX2015  |b .H69 1987 
082 0 |a 342.747/109  |a 347.471029  |2 19 
100 1 |a Hoyt, Jeff,  |d 1944- 
245 1 0 |a Abuse of public power :  |b New York City and the formation of municipal law, 1846-1866 /  |c Jeff Hoyt. 
264 1 |a New York :  |b Garland Pub.,  |c 1987. 
300 |a 627 pages ;  |c 22 cm. 
336 |a text  |b txt  |2 rdacontent 
337 |a unmediated  |b n  |2 rdamedia 
338 |a volume  |b nc  |2 rdacarrier 
490 1 |a American legal and constitutional history 
500 |a Originally presented as the author's thesis (Ph. D.--University of Virginia, 1983) under the title: Abuse of power. 
504 |a Bibliography: pages 595-627. 
650 0 |a Law  |z New York (State)  |z New York  |x History and criticism. 
650 0 |a Public works  |x Law and legislation  |z New York (State)  |z New York  |x History. 
830 0 |a American legal and constitutional history. 
999 |a MARS 
999 f f |s dbf71004-3835-3f33-ace0-920939d33adb  |i 823dbab5-6b38-3375-a220-54a75b1eadec  |t 0 
952 f f |p ric  |a Texas A&M University  |b Rellis Campus  |c Joint Library Facility  |d Remote Storage  |t 0  |e KFX2015 .H69 1987  |h Library of Congress classification  |i unmediated -- volume  |m A14812644540 
998 f f |a KFX2015 .H69 1987  |t 0  |l Remote Storage